Регионална библиотека "Любен Каравелов" - Русе

Свят, населен с демони (Запис номер 498565)

MARC детайли
000 -Лидер
Лидер 01883nam a2200397 c 4500
003 - Код на организацията, давaща контролен номер
Код на организацията, даваща контролен номер BLK
005 - Дата и час на последна редакция
Дата и час на последна редакция 20250310130628.0
008 - Елементи от данни с фиксирана дължина
Елементи с фиксирана дължина 180408b bul|||||r ||||||| ||bul||
020 ## - Международен стандартен номер на книга ISBN
ISBN 978-954-28-4442-6
Коментар към ISBN 9789542844426
040 ## - Източник на каталожния запис
Код на библиотеката BLK
041 ## - Код за език
Език Български
Език за КДБФ Български
080 ## - УДК
УДК текст Наука. Наукознание. Организация на умствения труд
УДК код 001
УДК – определител (02.062)
УДК – код + определител 001(02.062)
080 ## - УДК
УДК текст Разпространяване на научните знания - популяризиране на науката, занимателна наука, учение за явленията научно необяснени, заблуждения и фалшификации, илюзии и др. п., секретност на научните знания
УДК код 001.9
УДК – определител (02.062)
УДК – код + определител 001.9(02.062)
084 ## - Класификационен индекс по друга класификация
Авторски знак Се - С 30
100 1# - Редна дума - Автор
Автор Сейгън, Карл
R(LIN) 119422
245 10 - Сведения за заглавието
Заглавие Свят, населен с демони
Подзаглавни данни Науката като свещ в мрака
Авторска отговорност Карл Сейгън; прев.от англ. Маргарит Дамянов
250 ## - Област на изданието
Поредност на изданието 2. изд.
257 ## - Страна на издаване
Страна на създаване/издаване Съединени американски щати
260 ## - Област на издателските данни
Място на издаване София
Име на издателя Сиела Норма
Година на издаване 2023
9 (RLIN) 217021
300 ## - Физическа характеристика
Брой страници 488 с.
Размер 21 см
380 ## - Жанр
Жанр Общ отдел
500 ## - Общи забележки
Обща забележка Ориг. загл. The Demon-Haunted World / Carl Sagan. - 1. изд. 2018 на Бард
650 #4 - Допълнително описание по предмет – тема
Предметна рубрика Наука
9 (RLIN) 163554
650 #4 - Допълнително описание по предмет – тема
Предметна рубрика Псевдонаука
9 (RLIN) 168262
653 ## - Ключова дума – ненормативна
Ключови думи наука
653 ## - Ключова дума – ненормативна
Ключови думи лъженаука
653 ## - Ключова дума – ненормативна
Ключови думи псевдонаука
700 ## - Други автори (авторска отговорност)
Друг автор Дамянов, Маргарит Маргаритов
Авт. отговорност на др. автор прев. от англ.
9 (RLIN) 368565
856 4# - Електронен адрес и достъп
Електронен формат pdf - файл
856 4# - Електронен адрес и достъп
Електронен формат pdf - файл
942 ## - АРТИКУЛИ
Вид на библиотечния документ Книги
Скрит в OPAC Не
Koha issues (borrowed), all copies 5
944 ## - СЪЗДАВАНЕ И РЕДАКЦИЯ на ЗАПИСА
Създаване/Редакция
Дата на регистрацията/редакция Диана Гривева
Номер на служител Христина Везирева
Служител, извършил регистрацията/редакцията 30535
944 ## - СЪЗДАВАНЕ И РЕДАКЦИЯ на ЗАПИСА
Създаване/Редакция Редакция
Дата на регистрацията/редакция 18.10.2011
Номер на служител ф /
999 ## - СИСТЕМНИ КОНТРОЛНИ НОМЕРА
Koha biblionumber 498565
Koha biblioitemnumber 498565
999 ## - СИСТЕМНИ КОНТРОЛНИ НОМЕРА
Koha biblioitemnumber 85209
Наличности
Код за отписване Код за изгубен артикул Източник на класификационната схема Код за повреда Код за отдаване Артикулен № Име на библиотеката - собственик Име на библиотеката, в която се намира в момента Статус (Текущо местоположение) Дата на вписване в системата Местоположение - отдел Цена в лева Инвентарен номер Систематично азбучна сигнатура Баркод Цена в евро Служебен тип на артикула
  Не е изгубен Universal Decimal Classification Не е повреден заемане за дома 936829 Регионална библиотека "Любен Каравелов" Русе Регионална библиотека "Любен Каравелов" Русе Заемна - подръчен фонд 2023-11-21 Заемна - подръчен фонд 19.50 120000895886 001.9/С 30 К 120000895886 9.97 Книги
Vip Innovations Ltd, Rousse, Bulgaria 2025